Combined membership list

Αποθηκεύτηκε σε:
Λεπτομέρειες βιβλιογραφικής εγγραφής
Συλλογικό Έργο: American Mathematical Society, Mathematical Association of America, Society for Industrial and Applied Mathematics
Μορφή: Βιβλίο
Γλώσσα:English
Δημοσίευση: Providence, R.I. : American Mathematical Society, c1990-c1992.
Θέματα:
Ετικέτες: Προσθήκη ετικέτας
Δεν υπάρχουν, Καταχωρήστε ετικέτα πρώτοι!

MARC

LEADER 00000cam a2200000 i 4500
001 1/44104
008 941103m19901992riu| ||| |||| ||eng||
020 |a 0821801562 
020 |a 0821801783 
035 |a 1991  |c ΒΙΒΛΙΟΘΗΚΗ  |l 10042196 
035 |a 1993  |c ΒΙΒΛΙΟΘΗΚΗ 
040 |a GR-MyUa  |b gre  |e AACR2 
041 0 |a eng 
082 7 |a 510.25   |2 (22) 
110 2 |a American Mathematical Society. 
245 1 0 |a Combined membership list /   |c of the American Mathematical Society and the Mathematical Association of America. 
260 |a Providence, R.I. :   |b American Mathematical Society,   |c c1990-c1992. 
300 |a τ. ;  |c 24 εκ. 
500 |a Issues for 1990-1991 and 1992-1993. 
610 2 0 |a American Mathematical Society  |x Directories. 
610 2 0 |a Mathematical Association of America  |x Directories. 
610 2 0 |a Society for Industrial and Applied Mathematics  |x Directories. 
650 0 |a Mathematics  |x Societies, etc.  |x Directories. 
650 0 |a Mathematicians  |x Directories. 
710 2 |a Mathematical Association of America. 
710 2 |a Society for Industrial and Applied Mathematics. 
852 |a INST  |b SAMOS  |e 19980715  |h 510.25 AME  |p 005300010936  |q 005300010936  |t REF  |y 23 
852 |a INST  |b SAMOS  |e 19941103  |h 510.25 AME  |p 005300010937  |q 005300010937  |t REF  |y 23